000
00335nam a22001337a 4500
008
260316b ||||| |||| 00| 0 eng d
020
_a
9780072397246
041
_a
eng
080
_a
658.8
100
_a
22
101
_a
ekon
245
_a
Internet Business Models and Strategies
_c
Allan Afuah , Christopher l Tucci
942
_2
udc
_c
BK
999
_c
60900
_d
60900